000
00307nam a22001337a 4500
003
SGT
020
_a
9781466553200
082
_a
630
_b
CHA
100
_a
CHAKRAVERTY, AMALENDU
245
_a
POSTHARVEST TECHNOLOGY AND FOOD PROCESS ENGINEERING
260
_b
CRC PRSS
_c
2014
300
_a
551
942
_2
ddc
_c
BK
999
_c
16155
_d
16155